Ľahké betóny na báze odpadového polystyrénu
Gespeichert in:
| 1. Verfasser: | |
|---|---|
| Weitere Verfasser: | |
| Format: | Manuskript Buch |
| Sprache: | Slowakisch |
| Veröffentlicht: |
Bratislava :
STU v Bratislave SvF,
2014
|
| Schlagworte: | |
| Online-Zugang: | VAIS https://opac.crzp.sk/?fn=detailBiblioForm&sid=B0185F20487F708880163860D476 |
| Tags: |
Keine Tags, Fügen Sie das erste Tag hinzu!
|
MARC
| LEADER | 00000ntm a22000003a 4500 | ||
|---|---|---|---|
| 001 | stu297407 | ||
| 005 | 20231115145148.0 | ||
| 008 | 140919s2014----xo------------------slo-d | ||
| 040 | |a STU |b slo | ||
| 041 | 0 | |a slo | |
| 044 | |a xo | ||
| 100 | 1 | |a Brutenič, Lukáš, |d 1984- |4 aut |u V |T SvF Stavebná fakulta |X 10813 |U V |Y 10 |7 A000010813 | |
| 242 | 0 | 0 | |a Lightweight concretes based on waste polystyrene |y eng |
| 245 | 1 | |a Ľahké betóny na báze odpadového polystyrénu | |
| 260 | |a Bratislava : |b STU v Bratislave SvF, |c 2014 | ||
| 650 | 7 | |a technológia stavieb |2 stusub | |
| 650 | 7 | |a Building Technology |2 estusub | |
| 650 | 7 | |a thermal conductivity |2 estusub | |
| 650 | 7 | |a tepelná vodivosť |2 stusub | |
| 700 | 1 | |a Unčík, Stanislav, |d 1959- |4 ths |u V260 |U SvF Stavebná fakulta |T SvF Katedra materiálového inžinierstva |X 2734 |U V260 |Y 27 |7 A000002734 | |
| 856 | 4 | |a info a plný text |u http://is.stuba.sk/zp/portal_zp.pl?podrobnosti=100554 |3 VAIS | |
| 856 | 4 | |a CRZP |u https://opac.crzp.sk/?fn=detailBiblioForm&sid=B0185F20487F708880163860D476 | |